书目信息 |
| 题名: |
郑成功收复台湾史料选编
|
|
| 作者: | ;厦门大学郑成功历史调查研究组 编 | |
| 分册: | ||
| 出版信息: | 福州 福建人民出版社 1982 |
|
| 页数: | 347页 | |
| 开本: | 21cm | |
| 丛书名: | ||
| 单 册: | ||
| 中图分类: | K248.405 | |
| 科图分类: | ||
| 主题词: | 郑成功收复台湾--史料 | |
| 电子资源: | ||
| ISBN: | ||
| 000 | 00750nam0 2200241 45 | |
| 001 | 0182007979 | |
| 005 | 20060722091814.37 | |
| 010 | @d¥1.20 | |
| 091 | @aCN@b11173.55 | |
| 100 | @a19950703d1982 em y0chiy0121 ea | |
| 101 | 0 | @achi |
| 102 | @aCN@b350000 | |
| 105 | @ay z 000yy | |
| 200 | 10 | @a郑成功收复台湾史料选编@Azheng cheng gong shou fu tai wan shi liao xuan bian@f厦门大学郑成功历史调查研究组编 |
| 205 | @b增订本 | |
| 210 | @a福州@c福建人民出版社@d1982 | |
| 215 | @a347页@d21cm | |
| 606 | @a郑成功收复台湾@x史料 | |
| 690 | @aK248.405@v3 | |
| 711 | 02 | @a厦门大学郑成功历史调查研究组@Axia men da xue zheng cheng gong li shi diao cha yan jiu zu@4编 |
| 801 | 2 | @aCN@bNLC@c20060722 |
| 801 | 0 | @aCN@bTSSF |
| 905 | @a10447@dK248.405@e66=2 | |
| 郑成功收复台湾史料选编/厦门大学郑成功历史调查研究组编.-增订本.-福州:福建人民出版社,1982 |
| 347页;21cm |
| ISBN :¥1.20 |
| ● |
| 相关链接 |
|
|
|
|
正题名:郑成功收复台湾史料选编
索取号:K248.405/66=2
 
预约/预借
| 序号 | 登录号 | 条形码 | 馆藏地/架位号 | 状态 | 备注 |
| 1 | 0435490 | 204354901 | 第二样本阅览室/ [索取号:K248.405/66=2] | 在馆 | |
| 2 | 0435491 | 204354910 | 密集书库/ [索取号:K248.405/66=2] | 在馆 |